[Event "43rd NED-ch"]
[Site "Hilversum NED"]
[Date "1987.06.14"]
[Round "5"]
[White "Pieterse, Gert"]
[Black "Vanheste, Jeroen"]
[Result "1/2-1/2"]
[WhiteElo "2290"]
[BlackElo "2290"]
[EventDate "1987.06.09"]
[PlyCount "120"]

1.d4 f5 2.Nf3 Nf6 3.g3 g6 4.Bg2 Bg7 5.O-O O-O 6.b3 d6 7.Bb2 Qe8 8.Nbd2 Nc6
9.Nc4 e6 10.a4 Bd7 11.e3 h6 12.Qe2 Ne4 13.Rad1 Rd8 14.Ncd2 Nxd2 15.Rxd2 
Qf7 16.e4 Rfe8 17.e5 d5 18.Ba3 Ne7 19.Rc1 g5 20.Ne1 Bc6 21.Nd3 b6 22.Nb4 
Bb7 23.c4 a5 24.Na2 Ba6 25.Qd1 dxc4 26.bxc4 Kh8 27.Bb2 c6 28.Ba3 Bb7 29.
Rb1 Nc8 30.Rb3 Qc7 31.f4 Ba6 32.Rc3 gxf4 33.gxf4 Bf8 34.Bxf8 Rxf8 35.d5 
Rg8 36.d6 Qf7 37.Kh1 c5 38.Bf3 Bb7 39.Bxb7 Qxb7+ 40.Qf3 Qd7 41.Ra3 Na7 42.
Nc3 Nc6 43.Nb5 Rg4 44.h3 Rg6 45.Raa2 Rdg8 46.Rg2 Nd4 47.Nxd4 cxd4 48.Rxg6 
Rxg6 49.Rd2 Qxa4 50.Rxd4 Rg7 51.Rd2 Kh7 52.Kh2 Qa1 53.Qf2 Qa4 54.Qxb6 Qxc4
55.Qe3 Qc6 56.Qd3 Qc1 57.Qd4 Qc6 58.Qe3 a4 59.Qd3 Qc1 60.Qd4 Qc6 1/2-1/2

[Event "43rd NED-ch"]
[Site "Hilversum NED"]
[Date "1987.06.16"]
[Round "7"]
[White "Cardon, Helmut"]
[Black "Ligterink, Gert"]
[Result "1/2-1/2"]
[WhiteElo "2380"]
[BlackElo "2470"]
[EventDate "1987.06.09"]
[PlyCount "33"]

1.d4 Nf6 2.c4 e6 3.Nc3 Bb4 4.e3 O-O 5.Bd3 c5 6.Ne2 cxd4 7.exd4 d5 8.cxd5 
Nxd5 9.O-O Nc6 10.Bc2 Re8 11.Qd3 g6 12.Rd1 Bd7 13.Nxd5 exd5 14.Qf3 Rc8 15.
Be3 Be6 16.Nf4 Qd7 17.Nxe6 1/2-1/2